Estatutismo y valencianismo / (Record no. 50672)

MARC details
000 -LEADER
campo de control de longitud fija 00549nam a2200193 i 4500
001 - NÚMERO DE CONTROL
campo de control 50672
003 - IDENTIFICADOR DE NÚMERO DE CONTROL
campo de control ES-MaACL
005 - FECHA Y HORA DE LA ÚLTIMA TRANSACCIÓN
campo de control 20260303063012.0
007 - CAMPO FIJO DE DESCRIPCIÓN FÍSICA--INFORMACIÓN GENERAL
campo de control de longitud fija t|
008 - DATOS DE LONGITUD FIJA--INFORMACIÓN GENERAL
campo de control de longitud fija 030806s1976 sp ||||1| spa d
100 0# - ENTRADA PRINCIPAL--NOMBRE DE PERSONA
Nombre de persona Cucó, Alfons
9 (RLIN) 41958
245 10 - MENCIÓN DEL TÍTULO
Título Estatutismo y valencianismo /
Mención de responsabilidad, etc. Alfonso Cuco.
260 ## - PUBLICACIÓN, DISTRIBUCIÓN, ETC.
Lugar de publicación, distribución, etc. Valencia :
Nombre del editor, distribuidor, etc. Fernando Torres,
Fecha de publicación, distribución, etc. [1976]
300 ## - DESCRIPCIÓN FÍSICA
Extensión 114 p. ;
Dimensiones 18 cm.
490 1# - MENCIÓN DE SERIE
Mención de serie Interdisciplinar ;
Designación de volumen o secuencia 28
830 0# - PUNTO DE ACCESO ADICIONAL DE SERIE-TÍTULO UNIFORME
Título uniforme Interdisciplinar ;
Designación de volumen o secuencia 28
9 (RLIN) 182330
852 ## - LOCALIZACIÓN
Ubicación ES-MaACL
Número de control de estantería A-5715
Sublocalización o colección R.94638
Holdings
Estatus retirado Estado de pérdida Estado de daño No para préstamo Biblioteca de origen Biblioteca actual Ubicación en estantería Fecha de adquisición Fuente de adquisición Total de préstamos Signatura topográfica completa Código de barras Visto por última vez Precio de reemplazo Tipo de ítem Koha
        Biblioteca del Ateneo de Madrid Biblioteca del Ateneo de Madrid Sala Pecera Planta 1 17/01/2008     A-5715 1053294 23/02/2023 23/02/2023 Libro impreso